[Event "VEN-ch U14 Girls"]
[Site "Caracas"]
[Date "2016.10.30"]
[Round "5.4"]
[White "Quintero Escalona, Genesis Naile"]
[Black "Yepez Moreno, Catherine Celeste"]
[Result "0-1"]
[WhiteElo "1765"]
[BlackElo "1591"]
[PlyCount "118"]
[EventDate "2016.10.27"]
[EventType "swiss"]
[EventRounds "7"]
[EventCountry "VEN"]
[SourceTitle "EXT 2022"]
[Source "ChessBase"]
[SourceDate "2021.10.06"]
[SourceVersion "1"]
[SourceVersionDate "2021.10.06"]
[SourceQuality "1"]

1. d4 d5 2. c4 c6 3. g3 Bf5 4. Bg2 e6 5. Nf3 Nf6 6. 0-0 h6 7. Nc3 Nbd7 8. cxd5 cxd5 9. Bf4 Be7 10. Rc1 0-0 11. Nb5 Qb6 12. Qa4 a6 13. Bc7 Qxb5 14. Qxb5 axb5 15. a3 Rac8 16. Ne5 Nxe5 17. Bxe5 Ne4 18. f3 Nd2 19. Rfd1 Nc4 20. e4 dxe4 21. fxe4 Bg4 22. Rf1 Nxb2 23. Rb1 Bxa3 24. h3 Bh5 25. g4 Bg6 26. d5 Nd3 27. Bd4 Bc5 28. Bxc5 Rxc5 29. Rbd1 exd5 30. Rxd3 Bxe4 31. Bxe4 dxe4 32. Rd7 Re5 33. Rxb7 f5 34. gxf5 Rexf5 35. Rxf5 Rxf5 36. Kg2 Re5 37. Kf2 e3+ 38. Ke2 Kh7 39. Rb6 g5 40. Rd6 Kg7 41. Rb6 h5 42. Rd6 g4 43. hxg4 hxg4 44. Rd4 Rg5 45. Kxe3 g3 46. Rd1 g2 47. Rg1 Kf6 48. Kf2 b4 49. Ke2 Ke5 50. Ke3 Rg4 51. Kf3 Kf5 52. Ke3 b3 53. Ke2 Kf4 54. Kf2 Rg3 55. Ke2 Re3+ 56. Kf2 Rf3+ 57. Ke2 Kg3 58. Rb1 Rf2+ 59. Ke3 Rf1 0-1

[Event "VEN-ch U14 Girls"]
[Site "Caracas"]
[Date "2016.10.28"]
[Round "1.2"]
[White "Quintero Escalona, Genesis Naile"]
[Black "Vargas Ortiz, Grecia Valentina"]
[Result "0-1"]
[WhiteElo "1765"]
[BlackElo "1519"]
[PlyCount "96"]
[EventDate "2016.10.27"]
[EventType "swiss"]
[EventRounds "7"]
[EventCountry "VEN"]
[SourceTitle "EXT 2022"]
[Source "ChessBase"]
[SourceDate "2021.10.06"]
[SourceVersion "1"]
[SourceVersionDate "2021.10.06"]
[SourceQuality "1"]

1. c4 Nf6 2. g3 g6 3. Bg2 d5 4. d4 Bg7 5. Nc3 c6 6. Nf3 0-0 7. 0-0 Bf5 8. h3 Ne4 9. Nd2 Nxc3 10. bxc3 e5 11. cxd5 cxd5 12. g4 Be6 13. Ba3 Re8 14. Nb3 Na6 15. Qd3 e4 16. Qd2 b6 17. e3 Rc8 18. Rac1 Bd7 19. f3 Bb5 20. Rfe1 Bd3 21. fxe4 Bxe4 22. Bxe4 Rxe4 23. Qe2 Nc7 24. Nd2 Re6 25. Qg2 Bh6 26. Nf1 Nb5 27. Bb2 Qd7 28. g5 Bg7 29. Nd2 Rec6 30. Nb1 h6 31. h4 h5 32. e4 dxe4 33. Qxe4 Re6 34. Qf4 Rce8 35. Kf2 Qc6 36. Rxe6 Qxe6 37. Nd2 Qxa2 38. Rb1 Qe6 39. c4 Nd6 40. Ba3 Nf5 41. Nf3 Qxc4 42. Re1 Rxe1 43. Kxe1 Qc3+ 44. Kf2 Qxa3 45. Ne5 Qb2+ 46. Kf3 Qxd4 47. Qxd4 Nxd4+ 48. Ke4 Bxe5 0-1

[Event "Pan American-ch U14 Girls"]
[Site "Cali"]
[Date "2015.06.30"]
[Round "4"]
[White "Martinez Mesa, Chaneli"]
[Black "Quintero Escalona, Genesis Naile"]
[Result "0-1"]
[WhiteElo "1830"]
[BlackElo "1698"]
[PlyCount "100"]
[EventDate "2015.06.28"]
[EventType "swiss"]
[EventRounds "9"]
[EventCountry "COL"]
[SourceTitle "EXT 2016"]
[Source "ChessBase"]
[SourceDate "2015.10.08"]
[SourceVersion "1"]
[SourceVersionDate "2015.10.08"]
[SourceQuality "1"]

1. e4 c5 2. Nf3 e6 3. d3 Nc6 4. g3 d5 5. Nbd2 Bd6 6. Bg2 Nf6 7. 0-0 0-0 8. Re1 Qc7 9. c3 a6 10. Qe2 Nd7 11. h4 b5 12. Nf1 Bb7 13. N1h2 Rae8 14. h5 f5 15. Qc2 f4 16. g4 dxe4 17. dxe4 Nde5 18. Nxe5 Nxe5 19. f3 c4 20. Bf1 Bc5+ 21. Kh1 Rd8 22. Bd2 Bf2 23. Red1 Qb6 24. Be1 Be3 25. Rxd8 Rxd8 26. Rd1 h6 27. Rxd8+ Qxd8 28. Bf2 Qd2 29. Qxd2 Bxd2 30. Bd4 Nd3 31. b3 e5 32. bxc4 bxc4 33. Bb6 Bxc3 34. Be2 Bd4 35. Bxd4 exd4 36. Bxd3 cxd3 37. Nf1 Bc8 38. Kg2 Be6 39. a3 Bb3 40. Kf2 Kf7 41. Ke1 Ke6 42. Nd2 Ba2 43. Kd1 Kd6 44. Kc1 Kc5 45. Kb2 Bf7 46. Nb3+ Kd6 47. Nxd4 Kc5 48. Nb3+ Bxb3 49. Kxb3 Kd4 50. Kb2 Ke3 0-1